Guess the 1960s song lyrics #282 - Statistics

General Stats
  • This quiz has been taken 15 times
  • The average score is 117 of 235
Answer Stats
Answer % Correct
the
85%
I
77%
No
77%
no
77%
a
69%
And
69%
and
69%
me
69%
of
69%
why
69%
you
69%
You
69%
my
62%
My
62%
on
62%
to
62%
can't
54%
head
54%
I'm
54%
need
54%
out
54%
Out
54%
so
54%
want
54%
don't
46%
goin
46%
Goin
46%
see
46%
think
46%
Yes
46%
your
46%
but
38%
But
38%
come
38%
Come
38%
day
38%
Every
38%
every
38%
heart
38%
just
38%
know
38%
night
38%
Night
38%
Oh
38%
right
38%
us
38%
way
38%
Wrong
38%
anything
31%
must
31%
or
31%
Over
31%
over
31%
even
23%
Into
23%
Little Anthony and the Imperials
23%
Should
23%
Well
23%
yeah
23%
Yeah
23%
exist
15%
reason
15%
tears
15%
There's
15%
apart
8%
badly
8%
being
8%
Cause
8%
each
8%
keep
8%
morning
8%
past
8%
shed
8%
shy
8%
walk
8%
alright
0%
Everyday
0%
explain
0%
No matching quizzes found
Score Distribution
Percent of People with Each Score
Percentile by Number Answered
Your Score History
You have not taken this quiz